000 00443cam a2200169ua 4500
020 _c225.00
041 _aeng
_h
082 _a004.22
_bMAN/DI
100 _aMano, Morris M .
245 _aDigital logic and computer design /
_cM Morris Mano.
_hTextual Documents
260 _aNew Delhi :
_bPrentice Hall of India Pvt Ltd. ,
_c2007.
300 _a605 ; .
365 _a225.00
504 _a
942 _cBK
999 _c13375
_d13375